000 00550nam a2200229Ia 4500
003 OSt
005 20220918205300.0
006 a|||||r|||| 00| 0
007 ta
008 220917b |||||||| |||| 00| 0 eng d
024 _a115,970
037 _cTextual
040 _aARTS
_cARTS
_beng
041 _2eng
_aeng
082 _aV591:1:I5, K5
100 _aRunciman S
245 0 _aFall of Constantinople 1453
260 _c1965
650 _aHISTORY
942 _hV591:1:I5, K5
_cTEXL
_2CC
999 _c239298
_d239298